header

iSeries Access for Web and HATS limited edition (Record no. 106701)

MARC details
000 -LEADER
fixed length control field 01618nam a2200397Ia 4500
082 04 - DEWEY DECIMAL CLASSIFICATION NUMBER
Classification number 004.6
245 00 - TITLE STATEMENT
Title iSeries Access for Web and HATS limited edition
250 ## - EDITION STATEMENT
Edition statement 1st ed.
260 ## - PUBLICATION, DISTRIBUTION, ETC. (IMPRINT)
Place of publication Rochester, MN :
Name of publisher IBM, International Technical Support Organization,
Year of publication c2003.
300 ## - PHYSICAL DESCRIPTION
Number of Pages xii, 376 p. :
Other physical details ill.
490 1# - SERIES STATEMENT
Series statement IBM redbooks
500 ## - GENERAL NOTE
General note "SG24-7005-00."
General note The "e" in "eserver" is printed as the symbol for electronic.
650 #0 - SUBJECT ADDED ENTRY--TOPICAL TERM
Topical Term Computer networks.
Topical Term Web sites
Topical Term Electronic commerce.
Topical Term IBM computers.
700 1# - ADDED ENTRY--PERSONAL NAME
Personal name Cook, Jim,
856 40 - ELECTRONIC LOCATION AND ACCESS
Uniform Resource Identifier http://site.ebrary.com/lib/rucke/Doc?id=10112995

No items available.

© 2026 Rongo University
Contact us: librarian | system librarian | Rongo university